000 00377cam a2200145ua 4500
041 _aeng
_h
082 _a334
_bJAW/CO
100 _aJawaharlal , Nehru .
245 _aCo-operation /
_cJawaharlal Nehru.
_hTextual Documents
260 _a :
_bMinistry of community development, Panchayati raj ,
_c1962.
300 _a63 ; .
504 _a
942 _cBK
999 _c2100
_d2100